LEADER 01121nam a2200241 i 4500 001 000000142588 003 CaOOAMICUS 005 20050907000000.0 008 050907s1948 fr u000 u fre u 013 $a117944 040 $aSeMil$bita 100 1 $aKrestovsky, Lydie.$0(OLS)http://semarc/name/57241 245 13$aLe problème spirituel de la beauté et de la laideur /$cpar Lydie Krestovsky ; Préface de Émile Brehier. 260 $aParis :$bPresses Universitaires de France,$c1948. 300 $aVIII, 204 p. ;$c23 cm. 490 0 $aBibliothèque de philosophie contemporaine ;$v. 650 4$aBellezza.$0(OLS)http://semarc/subject/19768 700 1 $aBréhier, Émile <1876-1952>.$0(OLS)http://semarc/name/729 830 0$aBibliothèque de philosophie contemporaine ;$v.$0(OLS)http://semarc/title/9305 850 $aSeMil 852 $aSeMil$W1$xVenegono$y1$m2R III 192$j95756$B95756$CSeMilBibl$Z2$F102564 $81 996 $6245$aLe problème spirituel de la beauté et de la laideur$9(OLS)http://semarc/title/208594 996 $6260$aParis :$bPresses Universitaires de France$9(OLS)http://semarc/publisher/30047 LEADER 01033nam a2200229 i 4500 001 000000189251 003 CaOOAMICUS 005 20100506000000.0 008 100506s1984 it u000 u ita u 013 $a167524 040 $aSeMil$bita 100 1 $aGerosa Brichetto, Giuseppe,$d<1910-1996>.$0(OLS)http://semarc/name/19159 245 10$aSan Carlo :$bI Borromeo e Peschiera nel Cinquecento /$cGiuseppe Gerosa Brichetto ; Sergio Leondi. 260 $aPeschiera Borromeo :$b[s.n.],$ccopyr. 1984. 300 $a419 p. :$bill. ;$c25 cm. 600 04$aBorromeo, Carlo .$0(OLS)http://semarc/subject/690 700 1 $aLeondi, Sergio.$0(OLS)http://semarc/name/50717 850 $aSeMil 852 $aSeMil$W1$xVenegono$y1$m3G IV 155$j139882$B139882$CSeMilBibl$Z2$F151492 $81 961 $aRecupero: Biblioteca Seminario Saronno 996 $6245$aSan Carlo :$bI Borromeo e Peschiera nel Cinquecento$9(OLS)http://semarc/title/272480 996 $6260$aPeschiera Borromeo :$b[s.n.]$9(OLS)http://semarc/publisher/37266